Govt. of
Madhya Pradesh

The Mysterious Intruder (Record no. 49562)

MARC details
000 -LEADER
fixed length control field 003780000a22001570004500
001 - CONTROL NUMBER
control field 000255
003 - CONTROL NUMBER IDENTIFIER
control field MACL
040 ## - CATALOGING SOURCE
Original cataloging agency MACL
090 ## - LOCALLY ASSIGNED LC-TYPE CALL NUMBER (OCLC); LOCAL CALL NUMBER (RLIN)
-- 255
-- 255
100 ## - MAIN ENTRY--PERSONAL NAME
Personal name Paramasivan, Jaya
245 ## - TITLE STATEMENT
Title The Mysterious Intruder
Remainder of title A Gripping Tale Of Cosmic Threat
Statement of responsibility, etc. Jaya Paramasivan
260 ## - PUBLICATION, DISTRIBUTION, ETC. (IMPRINT)
Place of publication, distribution, etc. Vikas Publishing House,
Date of publication, distribution, etc. 1998
350 ## - PRICE (NR) (BK AM CF MU VM SE) [OBSOLETE]
Price 30
650 ## - SUBJECT ADDED ENTRY--TOPICAL TERM
Topical term or geographic name as entry element Science
942 ## - ADDED ENTRY ELEMENTS (KOHA)
Call number prefix 500
Koha item type Library Membar

No items available.